Un obispo en tiempos de cambio: conversaciones con monseñor Bernardino Piñera
Gorde:
| Egile Nagusiak: | , , , |
|---|---|
| Formatua: | Liburua |
| Hizkuntza: | gaztelania |
| Argitaratua: |
Santiago
Finis Terrae
2011
|
| Edizioa: | 1a. ed |
| Gaiak: | |
| Etiketak: |
Etiketa erantsi
Etiketarik gabe, Izan zaitez lehena erregistro honi etiketa jartzen!
|
MARC
| LEADER | 00000cam a2200000 a 4500 | ||
|---|---|---|---|
| 001 | UCC6397 | ||
| 003 | CL-VaPUC | ||
| 008 | 181207e20110000cl |||||||||||||||||spa|d | ||
| 020 | |a 9789567757213 | ||
| 082 | 0 | 4 | |a 922.283 |b GON |2 21 |
| 100 | |a Góngora Escobedo, Álvaro |e author |9 448766 | ||
| 700 | 0 | |a Aguilar G., Marcela |e author |9 600826 | |
| 700 | 0 | |a Bulnes S., Francisco |e author |9 600827 | |
| 700 | 0 | |a Fernández A., Joaquín |e author |9 600828 | |
| 245 | 1 | 3 | |a Un obispo en tiempos de cambio: conversaciones con monseñor Bernardino Piñera |
| 250 | |a 1a. ed | ||
| 300 | |a 183 p | ||
| 942 | |c BK | ||
| 945 | |d 20181207 13:37:00 |a dcastane | ||
| 260 | |a Santiago |b Finis Terrae |c 2011 | ||
| 650 | 7 | |a OBISPOS CHILENOS |2 CL-VaPUC |9 600829 | |
| 650 | 7 | |a SACERDOTES CHILENOS |2 CL-VaPUC |9 309963 | |
| 650 | 0 | |a Biografías |9 255210 | |
| 583 | |a last modification |c 20181207 13:37:00 |k Rodrigo Vera | ||
| 999 | |c 373345 |d 373343 | ||
| 952 | |0 0 |1 0 |3 erb |4 0 |6 922_283000000000000_GON_2011 |7 0 |8 A |9 491415 |a BIBTEO |b BIBTEO |e Precht Pizarro, Jorge Enrique |i 5520193 |o 922.283 GON 2011 |p 5520193 |r 2025-01-17 |w 2019-11-24 |y BK |z Catalogado en:20181207 |k ICR | ||